Präsidenten Frankreichs - Statistiken

Allgemein
  • Dieses Quiz wurde 364 mal gespielt
  • Das Durchschnittsergebnis liegt bei 7 aus 25
Antwortstatistiken
Republik Jahre Präsident % Korrekt
Fünfte seit 2017 Emmanuel Macron
97%
Fünfte 1959-1969 Charles de Gaulle
82%
Fünfte 2012-2017 François Hollande
79%
Fünfte 1981-1995 François Mitterrand
75%
Fünfte 2007-2012 Nicolas Sarkozy
74%
Fünfte 1995-2007 Jacques Chirac
69%
Fünfte 1974-1981 Valéry Giscard d'Estaing
40%
Zweite 1848-1852 Louis-Napoléon Bonaparte
37%
Fünfte 1969-1974 Georges Pompidou
36%
Dritte 1913-1920 Raymond Poincaré
10%
Dritte 1932-1940 Albert Lebrun
7%
Dritte 1873-1879 Patrice de Mac-Mahon
7%
Vierte 1954-1959 René Coty
7%
Dritte 1871-1873 Adolphe Thiers
6%
Vierte 1947-1954 Vincent Auriol
6%
Dritte 1895-1899 Félix Faure
5%
Dritte 1887-1894 Marie François Sadi Carnot
5%
Dritte 1920-1924 Alexandre Millerand
4%
Dritte 1920 Paul Deschanel
4%
Dritte 1931-1932 Paul Doumer
4%
Dritte 1906-1913 Armand Fallières
3%
Dritte 1899-1906 Émile Loubet
3%
Dritte 1924-1931 Gaston Doumergue
3%
Dritte 1894-1895 Jean Casimir-Perier
3%
Dritte 1879-1887 Jules Grévy
3%
Keine übereinstimmenden Quizze gefunden
Verteilung der Resultate
Anzahl Personen mit jedem Resultat
Perzentil nach korrekt beantworteten Fragen
Ihre Resultats-Entwicklung
Sie haben dieses Quiz noch nicht gespielt